00355nam a2200133Ia 4500008004100000040001900041041001200060082001900072100001700091245005100108260003500159300001700194650001000211131103s9999 xx 000 0 und d aLoreto College aEnglish a160/GHObLCLIB aGhosh, G. K. 2aA Handbook of practicals in logiccG. K. Ghosh aBombaybA. R. Sheth & Coc1963 a152p c 22cm aLogic